|
|
|
|
| LEADER |
00885nam a2200241 a 4500 |
| 001 |
14418556 |
| 008 |
090803s2006 bg 000 0aeng d |
| 010 |
|
|
|a 2006561732
|
| 020 |
|
|
|a 9840517511
|
| 040 |
|
|
|a DLC
|c DLC
|
| 082 |
0 |
0 |
|a 920
|2 22
|
| 100 |
1 |
|
|a Jalil, Azizul,
|d 1933-
|
| 245 |
1 |
0 |
|a Turbulence and tranquillity /
|c Azizul Jalil.
|
| 260 |
|
|
|a Dhaka :
|b University Press,
|c 2006.
|
| 300 |
|
|
|a xiv, 217 p. ;
|c 22 cm.
|
| 520 |
|
|
|a Autobiographical reminiscences of Pakistan civil servant.
|
| 541 |
1 |
|
|e 00016454
|
| 600 |
1 |
0 |
|a Jalil, Azizul,
|d 1933-
|
| 651 |
|
0 |
|a Pakistan
|x Officials and employees
|v Biography.
|
| 610 |
2 |
0 |
|a World Bank
|x Officials and employees
|v Biography.
|
| 852 |
4 |
|
|a Ayesha Abed Library
|j General Shelf.
|
| 999 |
|
|
|c 3242
|d 3242
|
| 952 |
|
|
|0 0
|1 0
|2 ddc
|4 0
|6 920_JAL
|7 0
|9 2936
|a BRACUL
|b BRACUL
|c GEN
|d 2009-08-31
|g 370.00
|l 0
|o 920 JAL
|p 3010016454
|r 2009-08-31
|t 1
|v 740.00
|w 2009-08-31
|y BK
|